| 000 | 01108nam a2200289Ia 4500 | ||
|---|---|---|---|
| 999 |
_c50475 _d50475 |
||
| 001 | 17423 | ||
| 003 | GE_BSU | ||
| 005 | 20200213125507.0 | ||
| 008 | 181216s2012ru xx |||||||||||||| ||rus|| | ||
| 020 | _a9785865475750 | ||
| 040 | _cGE_BSU | ||
| 041 | _arus | ||
| 080 | _a811.161.1 Л-68 | ||
| 100 |
_aЛобанова, Л. _97040 |
||
| 245 |
_aПолитология : _bУчебное пособие по языку специальности / _cЛ. Лобанова ; И. Могилева ; Т.Черненко ; Ред . О.С.Капполь. |
||
| 264 |
_aСанкт-Петербург : _bЗлатоуст, _c2012. |
||
| 300 |
_a160 стр.: _bилл.; _c25 см. |
||
| 300 | _e1+ CD-ROM | ||
| 440 |
_aЧитаем тексты по специальности. Выпуск:7 _97041 |
||
| 653 | _aПолитология : | ||
| 653 | _aფსიქოლოგია | ||
| 653 | _aრუსული ენა | ||
| 700 |
_a Могилева, И _97042 |
||
| 700 |
_aЧерненко, Т _97043 |
||
| 700 |
_aКапполь, О.С. _eრედაქტორი _97034 |
||
| 942 |
_cBK _2udc |
||